What we wanted was something that could almost land here from outer space and be ready to use (Record no. 80789)

MARC details
000 -LEADER
fixed length control field 01205cab a22002175a 4500
001 - CONTROL NUMBER
control field L145349
008 - FIXED-LENGTH DATA ELEMENTS--GENERAL INFORMATION
fixed length control field 080916e20080912xxkaeo f 000 0 eng d
035 ## - SYSTEM CONTROL NUMBER
System control number (Sirsi) u145349
041 0# - LANGUAGE CODE
Language code of text/sound track or separate title eng
100 1# - MAIN ENTRY--PERSONAL NAME
Personal name Kennett, Stephen
245 00 - TITLE STATEMENT
Title What we wanted was something that could almost land here from outer space and be ready to use
260 ## - PUBLICATION, DISTRIBUTION, ETC.
Date of publication, distribution, etc. 2008
490 ## - SERIES STATEMENT
Series statement Building
Volume/sequential designation 273(8546) 12 September 2008, 62-65(4)
520 ## - SUMMARY, ETC.
Summary, etc. The fourth in a series of six articles on school developments (see other articles under references L145210, L145344, L145345, L145354, L145360). Presents the use of timber panel as a way to increase the speed of school development and sustainability under the Building Schools for the Future governemental programme. Provides evidence by developing the example of St Agnes Primary School, near Manchester. Details costs of development and a four image sequence to explain how to build this type of schools.
590 ## - LOCAL NOTE (RLIN)
Local note KA
650 24 - SUBJECT ADDED ENTRY--TOPICAL TERM
Topical term or geographic name entry element BUILDING SCHOOLS FOR THE FUTURE
651 #4 - SUBJECT ADDED ENTRY--GEOGRAPHIC NAME
Geographic name England
Chronological subdivision 886-
690 ## - LOCAL SUBJECT ADDED ENTRY--TOPICAL TERM (OCLC, RLIN)
Topical term or geographic name as entry element BUILT ENVIRONMENT-BUILDING TYPES-EDUCATIONAL, INFORMATION AND SCIENTIFIC FACILITIES
690 ## - LOCAL SUBJECT ADDED ENTRY--TOPICAL TERM (OCLC, RLIN)
Topical term or geographic name as entry element BUILT ENVIRONMENT-SUSTAINABLE CONSTRUCTION
942 ## - ADDED ENTRY ELEMENTS (KOHA)
Suppress in OPAC 0
Holdings
Withdrawn status Lost status Source of classification or shelving scheme Damaged status Not for loan Home library Current library Shelving location Date acquired Total Checkouts Full call number Barcode Date last seen Copy number Price effective from Koha item type
    Dewey Decimal Classification     London London Journal article 01/10/2008   L145349 145349-1001 06/08/2019 1 06/08/2019 Journal article